00548nam a22001697a 4500003000400000020001800004082001800022100002300040245008400063250000800147260004800155300000800203650002800211942001200239999001900251952010800270OSt a9781591399681 a658.4bBAD/QU aJoseph L Badaracco aQuestions of CharacterbIlluminating the Heart of Leadership Through Literature a1st aBostonbHarvard Business School Pressc2006 a221 aDo I Have A Good Dream? 2ddccBK c188814d188814 00102ddc4070aKAUCBVbKAUCBVd2015-03-17g0.00l0o658.4 BAD/QUr2015-03-17 00:00:00w2015-03-17yBK